<?xml version="1.0" encoding="UTF-8"?><?xml-stylesheet type="text/xsl" href="static/style.xsl"?><OAI-PMH xmlns="http://www.openarchives.org/OAI/2.0/" xmlns:xsi="http://www.w3.org/2001/XMLSchema-instance" xsi:schemaLocation="http://www.openarchives.org/OAI/2.0/ http://www.openarchives.org/OAI/2.0/OAI-PMH.xsd"><responseDate>2026-04-13T06:57:46Z</responseDate><request verb="GetRecord" identifier="oai:www.recercat.cat:10459.1/70800" metadataPrefix="marc">https://recercat.cat/oai/request</request><GetRecord><record><header><identifier>oai:recercat.cat:10459.1/70800</identifier><datestamp>2024-12-05T22:38:14Z</datestamp><setSpec>com_2072_3622</setSpec><setSpec>col_2072_479130</setSpec></header><metadata><record xmlns="http://www.loc.gov/MARC21/slim" xmlns:dcterms="http://purl.org/dc/terms/" xmlns:xsi="http://www.w3.org/2001/XMLSchema-instance" xmlns:doc="http://www.lyncode.com/xoai" xsi:schemaLocation="http://www.loc.gov/MARC21/slim http://www.loc.gov/standards/marcxml/schema/MARC21slim.xsd">
   <leader>00925njm 22002777a 4500</leader>
   <datafield ind2=" " ind1=" " tag="042">
      <subfield code="a">dc</subfield>
   </datafield>
   <datafield ind2=" " ind1=" " tag="720">
      <subfield code="a">Gairín Sallán, Joaquín</subfield>
      <subfield code="e">author</subfield>
   </datafield>
   <datafield ind2=" " ind1=" " tag="720">
      <subfield code="a">Muñoz Moreno, José Luís</subfield>
      <subfield code="e">author</subfield>
   </datafield>
   <datafield ind2=" " ind1=" " tag="720">
      <subfield code="a">Silva, Patricia</subfield>
      <subfield code="e">author</subfield>
   </datafield>
   <datafield ind2=" " ind1=" " tag="720">
      <subfield code="a">Suárez, Cecilia Inés</subfield>
      <subfield code="e">author</subfield>
   </datafield>
   <datafield ind2=" " ind1=" " tag="260">
      <subfield code="c">2021-03-18T12:33:37Z</subfield>
   </datafield>
   <datafield ind2=" " ind1=" " tag="260">
      <subfield code="c">2021-03-18T12:33:37Z</subfield>
   </datafield>
   <datafield ind2=" " ind1=" " tag="260">
      <subfield code="c">2020</subfield>
   </datafield>
   <datafield ind2=" " ind1=" " tag="520">
      <subfield code="a">El artículo analiza el aprendizaje informal del profesorado y su vinculación con el desarrollo profesional y organizacional. La revisión de la literatura detalla las implicaciones de estas para las organizaciones en general, y centros educativos en particular. Se destaca la importancia de la práctica reflexiva del profesorado, sus actitudes positivas ante el cambio y el trabajo colaborativo. La promoción del aprendizaje informal queda apoyada en factores individuales, grupales y organizacionales, base para una propuesta pedagógica para fomentar el aprendizaje informal en los centros educativos. Como conclusión, se apuntan posibilidades y limitaciones del aprendizaje informal para las organizaciones que aspiran a su consideración como elemento para la mejora profesional y organizacional.</subfield>
   </datafield>
   <datafield ind2=" " ind1=" " tag="520">
      <subfield code="a">The article analyzes the informal learning of the teaching staff and its relationship with the professional and organizational development. The literature review details the implications of these for organizations in general, and educational centers in particular. The importance of reflective practice of teachers, their positive attitudes toward change and collaborative work are also highlighted. Individual, group and organizational factors support the promotion of informal learning, as the basis for a pedagogical proposal to encourage informal learning in schools. In conclusion, possibilities and limitations of informal learning are emphasized, especially for organizations that aspire to their consideration as an element for professional and organizational improvement.</subfield>
   </datafield>
   <datafield ind1="8" ind2=" " tag="024">
      <subfield code="a">http://hdl.handle.net/10459.1/70800</subfield>
   </datafield>
   <datafield tag="653" ind2=" " ind1=" ">
      <subfield code="a">Aprendizaje informal</subfield>
   </datafield>
   <datafield tag="653" ind2=" " ind1=" ">
      <subfield code="a">Profesorado</subfield>
   </datafield>
   <datafield tag="653" ind2=" " ind1=" ">
      <subfield code="a">Desarrollo organizacional</subfield>
   </datafield>
   <datafield tag="653" ind2=" " ind1=" ">
      <subfield code="a">Desarrollo profesional</subfield>
   </datafield>
   <datafield ind2="0" ind1="0" tag="245">
      <subfield code="a">Aprendizaje informal del profesorado: vinculación con el desarrollo profesional y organizacional</subfield>
   </datafield>
   <datafield ind2="0" ind1="0" tag="245">
      <subfield code="a">Teacher’s informal learning: relation with professional and organizational development</subfield>
   </datafield>
</record></metadata></record></GetRecord></OAI-PMH>